Memorias y comunicaciones / (Record no. 82870)

MARC details
000 -LEADER
campo de control de longitud fija 01233nam a2200253 i 4500
001 - NÚMERO DE CONTROL
campo de control 82870
003 - IDENTIFICADOR DE NÚMERO DE CONTROL
campo de control ES-MaACL
005 - FECHA Y HORA DE LA ÚLTIMA TRANSACCIÓN
campo de control 20230906174738.0
007 - CAMPO FIJO DE DESCRIPCIÓN FÍSICA--INFORMACIÓN GENERAL
campo de control de longitud fija t|
008 - DATOS DE LONGITUD FIJA--INFORMACIÓN GENERAL
campo de control de longitud fija 041112s1965 sp ||||1| spa d
110 2# - ENTRADA PRINCIPAL--NOMBRE DE ENTIDAD CORPORATIVA
Nombre de entidad corporativa o nombre de jurisdicción como elemento de entrada Instituto de Jaime Almera de Investigaciones Geológicas (Barcelona).
Unidad subordinada Sección de Geomorfología.
9 (RLIN) 4977
245 10 - MENCIÓN DEL TÍTULO
Título Memorias y comunicaciones /
Mención de responsabilidad, etc. Instituto Jaime Almera de Investigaciones Geolgicas.
260 ## - PUBLICACIÓN, DISTRIBUCIÓN, ETC.
Lugar de publicación, distribución, etc. Barcelona :
Nombre del editor, distribuidor, etc. Consejo Superior de Investigaciones Científicas,
Fecha de publicación, distribución, etc. 1968.
300 ## - DESCRIPCIÓN FÍSICA
Extensión 108 p., 8 lám. ;
Dimensiones 25 cm.
505 8# - NOTA DE CONTENIDO CON FORMATO
Nota de contenido con formato Contiene: Los Limno cárdidos del Pliocéno de Papiol (Barcelona) / S. Gillet -- Sobre los depósitos pliocénicos y cuaternarios del bajo Ebro / L. Solé Sabarís. -- Una formación turbosa risiense en el subsuelo de Vilanova y la Geltrú
700 1# - ENTRADA AGREGADA--NOMBRE PERSONAL
Nombre de persona Gillet, S.
9 (RLIN) 56971
700 0# - ENTRADA AGREGADA--NOMBRE PERSONAL
Nombre de persona Solé Sabarís, L.
9 (RLIN) 107131
700 1# - ENTRADA AGREGADA--NOMBRE PERSONAL
Nombre de persona Villalta, J. F.
9 (RLIN) 114982
700 1# - ENTRADA AGREGADA--NOMBRE PERSONAL
Nombre de persona Rosell, J.
9 (RLIN) 99682
740 4# - ENTRADA AGREGADA--TÍTULO RELACIONADO/ANALÍTICO NO CONTROLADO
Título relacionado o analítico no controlado Los limno cárdidos del plioceno de Papiol (Barcelona)
740 0# - ENTRADA AGREGADA--TÍTULO RELACIONADO/ANALÍTICO NO CONTROLADO
Título relacionado o analítico no controlado Sobre los depósitos pliocénicos y cuaternarios del bajo Ebro.
740 4# - ENTRADA AGREGADA--TÍTULO RELACIONADO/ANALÍTICO NO CONTROLADO
Título relacionado o analítico no controlado Una formación turbosa risiense en el subsuelo de Vilanova y la Geltrú.
852 ## - LOCALIZACIÓN
Ubicación ES-MaACL
Número de control de estantería C-31250
Sublocalización o colección R.61917
Holdings
Estatus retirado Estado de pérdida Estado de daño No para préstamo Biblioteca de origen Biblioteca actual Ubicación en estantería Fecha de adquisición Fuente de adquisición Total de préstamos Signatura topográfica completa Código de barras Visto por última vez Precio de reemplazo Tipo de ítem Koha
        Biblioteca del Ateneo de Madrid Biblioteca del Ateneo de Madrid Depósito 2 17/01/2008     C-31250 1086603 23/02/2023 23/02/2023 Libro impreso